| 000 | 00924nam a2200229 i 4500 | ||
|---|---|---|---|
| 001 | 187351 | ||
| 003 | ES-MaACL | ||
| 005 | 20230906222907.0 | ||
| 008 | 170614s1943 sp f |||| |dspa d | ||
| 080 | _a157.2:132.1(04) | ||
| 100 | 1 |
_aGarcía-Rodríguez, José María. _9163049 |
|
| 245 | 1 | 3 |
_aLa gracia en la locura _b: (enamorados, locos y bufones) / _cJosé Mª García Rodríguez ; [prólogo, Guillermo Díaz-Plaja]. |
| 260 |
_aBarcelona : _bOlimpo, _c[1943] ( _fClarasó) |
||
| 300 |
_a206 p., [8] h. de lám. ; _c23 cm. |
||
| 490 | 1 | _aBiblioteca pretérito | |
| 504 | _aBibliografía p. [201]-204. | ||
| 650 |
_aEnfermedades mentales- _xEn la literatura. _912267 |
||
| 700 | 1 |
_aDíaz-Plaja, Guillermo, _d1909-1984 _9162428 |
|
| 830 | 1 |
_aBiblioteca pretérito _9225559 |
|
| 852 |
_aES-MaACL _jL-31704 _z- Enc. cart. _z- Donat. herederos de la bibl. de Mª del Pilar Costa Palacín |
||
| 999 |
_c187351 _d187351 |
||